000
00307 a2200133 4500
005
20250704062316.0
020
_a
978-0-099-599444-9
082
_a
813.54 SLA
100
_a
SLAUGHTER,Karin
245
_a
Pretty Girls
260
_a
New York
_b
Arrow Books
_c
2015
300
_a
533p.;ill
_c
20cm.
942
_2
ddc
_c
BKS
999
_c
6588
_d
6588